Postmodernizm w zarzadzaniu

Salvato in:
Dettagli Bibliografici
Autore principale: Kostera, Monika
Natura: Libro
Lingua:polacco
Pubblicazione: Warszawa Polskie Wydawnictwo Ekonomiczne 1996
Soggetti:
Tags: Aggiungi Tag
Nessun Tag, puoi essere il primo ad aggiungerne!!

MARC

LEADER 00000nam a2200000 4500
001 c117198
005 20221221083232.3
020 |a 83-208-1017-5 
041 0 |a pol 
044 |a PL 
245 1 0 |a Postmodernizm w zarzadzaniu  |c Monika Kostera 
264 1 |a Warszawa  |b Polskie Wydawnictwo Ekonomiczne  |c 1996 
300 |a 285 s. 
610 2 0 |a postmodernizmus 
610 2 0 |a riadenie podnikové 
610 2 0 |a paradigma 
610 2 0 |a organizácia 
610 2 0 |a kultúra 
610 2 0 |a kultúra podniková 
610 2 0 |a komunizmus 
610 2 0 |a kapitalizmus 
610 2 0 |a manažéri 
610 2 0 |a podnik 
610 2 0 |a kreativita 
610 2 0 |a teória organizácie 
610 2 0 |a výskum 
100 1 |a Kostera, Monika